| 000 | 01825cam a2200361 4500 | ||
|---|---|---|---|
| 001 | ABS67102 | ||
| 008 | 030930n2003 000 0 eng u | ||
| 035 | _a(Sirsi) u123775 | ||
| 100 | _aColby, A. | ||
| 245 | _aLand Registration Act | ||
| 260 | _c2003 | ||
| 490 |
_aEstates Gazette _v(0336) 6 September 2003, 106-108(3) |
||
| 490 |
_aEstates Gazette _v(0337) 13 September 2003, 132-134(3) |
||
| 490 |
_aEstates Gazette _v(0338) 20 September 2003, 140-142(3) |
||
| 490 |
_aEstates Gazette _v(0339) 27 September 2003, 112-114(3) |
||
| 520 | _aA series of four articles assessing the practical implications of the Land Registration Act 2003 which comes into force on 13 October 2003. The first article considers the impact of the Act on the registration of leases and overriding interests including a new requirement for their disclosure. Explains the procedure for the designation of exempt information documents and the application of the Land Registration Rules 2003 Rule 131. The second article looks at the consequences of the abolition of land and charge certificates and the effect of the Act on mortgages. The third article look at how the Act affects adverse possess whilst the fourth considers the provision relating to the registration of easements. Includes case studies. Refers to case law throughout where appropriate. | ||
| 590 | _aABS | ||
| 650 | _aLAND REGISTRATION ACT 2002 | ||
| 650 | _aLAND REGISTRATION | ||
| 650 | _aREGISTRATION OF TITLE | ||
| 650 | _aLEASES | ||
| 650 | _aOVERRIDING INTEREST | ||
| 650 | _aLAND REGISTRATION RULES 2003 | ||
| 650 | _aLAND CERTIFICATES | ||
| 650 | _aCHARGE CERTIFICATES | ||
| 650 | _aADVERSE POSSESSION | ||
| 650 | _aEASEMENTS | ||
| 690 | _aPROPERTY | ||
| 700 | _aDowden, M. | ||
| 700 | _aFenn, K. | ||
| 700 | _aWilliams, P. | ||
| 942 | _n0 | ||
| 999 |
_c73500 _d73500 |
||